| 000 | 00919nam a2200277 a 4500 | ||
|---|---|---|---|
| 001 | 61426 | ||
| 003 | BD-RjUL | ||
| 005 | 20211209080949.0 | ||
| 008 | 170117s1938 enka 000 0 eng d | ||
| 035 | _a(BD-RjUL)61550 | ||
| 040 |
_aPIT _cPIT _dBD-RjUL _beng |
||
| 041 | _aeng | ||
| 082 |
_a658.870973 _bFIN 1938 |
||
| 090 |
_aHF5429 _b.F46 1938 |
||
| 100 | 1 |
_aFilene, Edward Albert, _d1860-1937. _9183114 |
|
| 245 | 1 | 0 |
_aNext steps forward in retailing / _cby Edward A. Filene; with the collaboration of Werner K. Gabler and Percy S. Brown |
| 260 |
_aLondon : _bSir Isaac Pitman & Sons, _c1938 |
||
| 300 |
_a309 p. : _bill. ; _c22 cm. |
||
| 500 | _a"First edition." | ||
| 650 | 0 |
_aRetail trade _zUnited States _9183115 |
|
| 650 | 0 |
_aDepartment stores _9183116 |
|
| 650 | 0 |
_aChain stores _9183117 |
|
| 700 | 1 |
_aGabler, Werner Karl, _d1908- _9183118 |
|
| 700 | 1 |
_aBrown, Percy Shiras, _d1883- _9183119 |
|
| 942 |
_2ddc _cBK |
||
| 999 |
_c61426 _d61426 |
||